| 000 | 00443nam a2200145Ia 4500 | ||
|---|---|---|---|
| 008 | 210716s2011 xx 000 0 und d | ||
| 020 | _a8179926680 | ||
| 041 | _aeng | ||
| 082 | _a658.827 VANB | ||
| 100 | _aVanAuken, Brad. | ||
| 245 | _aBranding: a reference guide to solving your toughest branding problems and strengthening your market position. | ||
| 250 | _a1 | ||
| 260 |
_aNew Delhi _bJaico Publishing House _c2011 |
||
| 300 | _axiv,306 | ||
| 999 |
_c208654 _d208654 |
||